000 003300000a22001570004500
003 MACL
040 _aMACL
090 _c33390
_d33388
100 _aKiran Prakashan
245 _aSSC practice Work book
260 _bKiran Prakashan
350 _a225
650 _aEducation
942 _cBOOK
_k378/Kir
951 _o378/Kir BOOK
999 _c33040
_d33040